000 00421nam a2200145Ia 4500
003 GCL
008 140319s9999 xx 000 0 eng d
040 _aGCL /
_cGCL
082 0 4 _a919.65
_bN B
100 1 _aNATIONAL GEOGRAPHIC SOCIETY
245 1 0 _aBLUE HORIZONS /
_cNATIONAL GEOGRAPHIC SOCIETY
260 _a[S.N] :
_bNATIONAL GEOGRAPHIC SOCIETY ،
_c1985
650 0 4 _aOCEANIA DESCRIPTION AND TRAVEL
942 _2ddc
_cBK
999 _c25617
_d25617